| 000 | 00847nas a2200277 4500 | ||
|---|---|---|---|
| 001 | BR9604488 | ||
| 003 | BR-BrBNA | ||
| 005 | 20231205095323.0 | ||
| 007 | ta | ||
| 008 | 230509b bl.|||p| |||| 00| 00por d | ||
| 040 |
_aBR-BrBNA _bpor _cBiblioteca Nacional de Agricultura |
||
| 041 | _a(Pt) | ||
| 072 | _aH10 | ||
| 100 | 1 | _aBarcelos, J.A.V. | |
| 100 | 1 | _aZanuncio, J.C. | |
| 100 | 1 | _aSantos, G.P. | |
| 100 | 1 | _aReis, P.P. | |
| 245 | 1 | _aViabilidade da criacao, em laboratorio, de Podisus nigrolimbatus (Spinola, 1852)(Hemiptera: Pentatomidae)sobre duas dietas | |
| 650 | _aHemiptero | ||
| 650 | _aDieta | ||
| 650 | _aLagarta | ||
| 650 | _aControle Biologico | ||
| 773 | 0 |
_tRevista Arvore (Brazil) _xISSN 0100-6762 _g(Sep-Dec 1991), v. 15(3) p. 316-322 _wBR9604488 |
|
| 909 |
_a202311 _bLúcia _c55 _dLúcia Elande |
||
| 942 |
_2AGRIS _n0 _cANA |
||
| 999 |
_c150042 _d150042 |
||